Nommez ces personnes célèbres - Quiz d'images #4 - Statistiques

Statistiques générales
  • Ce quiz a été pris 926 fois
  • Le résultat moyen est 8 sur 15
Statistiques - réponses
Par images Hint Réponse % Correct
Russie Vladimir Poutine
99%
Argentine Lionel Messi
91%
France Marion Cotillard
81%
Suisse Roger Federer
80%
Espagne Penelope Cruz
67%
Israel Natalie Portman
62%
Canada Justin Trudeau
59%
États-Unis Oprah Winfrey
54%
Turquie Recep Tayyip Erdoğan
54%
Mexique Salma Hayek
39%
Australie Kylie Minogue
37%
Brésil Gisele Bundchen
21%
Afrique du sud Winnie Mandela
14%
Danemark Nikolaj Coster-Waldau
10%
Ukraine Ioulia Tymochenko
2%
Aucun quiz correspondant
Distribution des résultats
% des personnes avec chaque résultat
Percentile par nombre de réponses
Votre historique - résultats
Vous n’avez pas pris ce quiz